| 000 | 01472nam a2200337 4500 | ||
|---|---|---|---|
| 003 | EC-UNACH | ||
| 005 | 20260122170702.0 | ||
| 006 | s||||gr|||| 00| 00 | ||
| 008 | 150116t9999 mx r gr 000 0 spa d | ||
| 020 | _a978-9878-92-869-1 | ||
| 040 |
_aEC-UNACH _cEC-UNACH |
||
| 041 | _aspa | ||
| 082 | 0 | 4 |
_223 _a394.12 _bL018574 |
| 100 | _aMoya, Alba | ||
| 245 | _a Atlas alimentario de los pueblos indígenas y afrodescendientes del Ecuador. I. La Amazonía. II. La Costa. III. La Sierra. | ||
| 250 |
_aPrimera edición _breimp. 2013 |
||
| 264 |
_aEcuador _bMinisterio de Inclusión Económica y Social. MIES _c2013 |
||
| 300 |
_a120 páginas _bfot., gráf., il. tab. _c21 x 29,5 |
||
| 490 | _vI. AMAZONÍA - II. COSTA - III. SIERRA | ||
| 505 | _aI. AMAZONÍA: Los Siona.-- Los Secoya.-- Los Sápara.-- Los Napo quichuas.-- Los Quichua del Curaray.-- Los Shuar.-- Los Achuar.-- Los Cofanes.-- Los Huaorani. - II. COSTA: Los Tsáchila.-- Los Chachi.-- Los Awá.-- Los Emberá.-- Los Afro descendientes de la Costa.-- III. SIERRA: Los Quitu-Cara.-- Los Panzaleos.-- Los Purruháes.-- Los Cañaris.-- Los Paltas.-- Los Saraguros.-- Los Afrodescendientes del Chota y Mira. | ||
| 650 | _a CULTURA | ||
| 650 | _a COMIDAS Y BANQUETES | ||
| 650 | _a ALIMENTOS | ||
| 942 |
_2ddc _c1 |
||
| 999 | _c14345 | ||